000 00920nam a22002057a 4500
999 _c19587
_d19587
005 20260225162128.0
008 s2542 th tha d
040 _aNALT
041 _atha
100 0 _aนรนิติ เศรษฐบุตร
_95071
245 1 0 _aเอกสารการพิจารณาร่างรัฐธรรมนูญ 10 ธันวาคม 2475 (โดยสภาผู้แทนราษฎรชุดแรก)
260 3 _aกรุงเทพฯ :
_bมหาวิทยาลัยธรรมศาสตร์,
_c2542
300 _a212 หน้า :
_b 19 ซม.
650 0 4 _aรัฐธรรมนูญ -- ไทย -- 2475
850 _aNALT
856 4 0 _uhttps://hdl.handle.net/20.500.14156/460717
_71
942 _cLB
_2lcc
_019
998 _j111
_k นางสาวพจพิณ พรมเอี่ยม
090 _aKD23 น217อ 2542